| 000 | 00557nam a22001937a 4500 | ||
|---|---|---|---|
| 003 | KOHA_MİRAKIL | ||
| 005 | 20251224140054.0 | ||
| 008 | 251224b tu ||||| |||| 00| 0 tur d | ||
| 020 | _a9789751970732 | ||
| 040 |
_aTR-AnABB _btur _cTR-AnABB |
||
| 041 | _atur | ||
| 082 |
_a297.237 _bESE 2019 |
||
| 100 | 1 | _aEsen, Bilal, | |
| 245 | 1 | 0 |
_aHafız : lafzın hamili mananın amili II / _cBilal Esen |
| 260 |
_aAnkara : _bDiyanet İşleri Başkanlığı, _c2019 |
||
| 300 |
_a400 sayfa ; _c23 cm |
||
| 650 | 0 | 4 | _aAyetler ve sureler |
| 942 |
_2ddc _cBK |
||
| 999 |
_c9923 _d9923 |
||
| 900 | _bGizem YORULMAZ | ||